000 00263 a2200109 4500
000 nam a22 7a 4500
005 20260313151104.0
100 _aKim, Jae Kwang
_91132039
245 _aStatistics in survey sampling
260 _bCRC Press
_c2026
942 _cAUD
999 _c1715391
_d1715391